000 00526nam a2200169Ia 4500
999 _c5786
_d5786
003 OSt
005 20200127113142.0
008 190216s9999||||xx |||||||||||||| ||und||
040 _coclc
082 _a338.5024658
_bRED/E
100 _aReddy, P N
_91579
245 0 _aEssentials Of Managerial Economics /
_cP N Reddy ; Appannaiah ; Asha Ganesh
250 _a3rd ed.
260 _bHimalaya Publishing House,
_c2000.
_aMumbai:
300 _a479p
942 _cBK
_2ddc
_h338.5024658
_iRED/E
_k338.5024658
_mRED/E